Statistics for Georgian Alphabet - Nuskhuri

Click here to take the quiz!

General Stats

  • This quiz has been taken 32 times
  • The average score is 20 of 38

Answer Stats

NuskhuriLatinName% Correct
aani
100%
bbani
100%
ddoni
94%
eeni
94%
ggani
94%
vvini
65%
zzeni
65%
kk'ani
53%
llasi
53%
mmani
53%
nnari
53%
ooni
53%
pp'ari
53%
rrae
53%
ssani
53%
tt'ari
53%
uuni
53%
kkani
47%
ppari
47%
ttani
47%
zhzhani
47%
chchini
41%
chch'ari
41%
djjani
41%
dzdzili
41%
ghghani
41%
hhoe
41%
hhe
41%
hhae
41%
iini
41%
qq'ari
41%
shshini
41%
tstsani
41%
tsts'ili
35%
hhie
29%
khkhani
29%
qqari
29%
vvie
24%

Score Distribution

Percentile by Number Answered

Percent of People with Each Score

Your Score History

You have not taken this quiz